Gandhi's Travels in Tamil Nadu/ (Record no. 211878)

MARC details
000 -LEADER
fixed length control field 00554nam a22001937a 4500
005 - DATE AND TIME OF LATEST TRANSACTION
control field 20250617154155.0
010 ## - LCCN (DPL NO)
LC control number ENG-145422
020 ## - INTERNATIONAL STANDARD BOOK NUMBER
International Standard Book Number 9789392066351
Terms of availability 1795.00
035 ## - SYSTEM CONTROL NUMBER
System control number EN-128954
037 ## - SOURCE OF ACQUISITION
Source of stock number/acquisition DBAD
082 ## - DEWEY DECIMAL CLASSIFICATION NUMBER
Classification number 301.153
100 ## - MAIN ENTRY--PERSONAL NAME
Personal name Ramasamy, A
245 ## - TITLE STATEMENT
Title Gandhi's Travels in Tamil Nadu/
Statement of responsibility, etc A. Ramasamy
250 ## - EDITION STATEMENT
Edition statement 1
260 ## - PUBLICATION, DISTRIBUTION, ETC. (IMPRINT)
Date of publication, distribution, etc 2023
Name of publisher, distributor, etc Orient Blackswan Private Limited
Place of publication, distribution, etc Telangana
270 ## - ADDRESS
Address 3-6-752 Himayatnagar, Hyderabad
City Telangana
300 ## - PHYSICAL DESCRIPTION
Extent 673p.
Dimensions 22cm(hb)
942 ## - ADDED ENTRY ELEMENTS (KOHA)
Source of classification or shelving scheme Dewey Decimal Classification
Item type English Books
Call number suffix RAM
Classification part 301.153
Holdings
Withdrawn status Lost status Not for loan Collection code Home library Current library Date acquired Source of acquisition Cost, normal purchase price Full call number Barcode Copy number Cost, replacement price Koha item type
      Non-fiction Sarojini Nagar Sarojini Nagar 17/06/2025 DBAD 1795.00 RAM 301.153 EN-128954 1 1795.00 English Books

© Delhi Public Library
Hit Counter
free hit counter